000 00594nam a2200229Ia 4500
003 OSt
005 20220928135318.0
006 a|||||r|||| 00| 0
007 ta
008 220927b |||||||| |||| 00| 0 eng d
024 _a999
037 _cTextual
040 _aSDCL
_cSDCL
_beng
041 _2eng
_aeng
082 _aX:27.75, L9
100 _aGoodall Brian Ed.
_9489623
245 0 _aResources and planning
260 _c1979
700 _a Kirby Andrew Ed.
_9489624
942 _hX:27.75, L9
_cTEXL
_2CC
999 _c804912
_d804912